1057 1590 1262 1645 1335 1829 1700 1590 1321 1742 1284 1663 1995 1400 1075 1535 1844 1953 1475 1885 1505 1862 1008 1407 1981 1099 1417 1744 1272 1149 1625 1480 1811 1574 1031 1095 1172 1741 1409 1510 1297 1654 1371 1126 1541 1991 1962 1634 1905 1057 1666 1472 1110 1018 1361 1909 1138 1374 1960 1153 1777 1666 1615 1510 1507 1456 1721 1010 1141 1351 1558 1162 1823 1205 1036 1283 1502 1550 1248 1637 1627 1929 1020 1179 1969 1665 1790 1222 1363 1395 1786 1212 1627 1404 1823 1631 1134 1797 1498 BCNSPRNW ULIB Ver.6.0+V

เปลี่ยนเป็นภาษาไทย

Change to English
 แสดงรายละเอียดบรรณานุกรม
  กลับหน้าหลัก

Brief Record : Get Marc (ISO 2709) : E-mail record : QR code < ปิดหน้าต่าง
LEADER : 00000nam 2200000uu 4500
001    13399111892
003     ULIB
008    110711s2545||||th 000 0 tha d
050 04 DS589N4^bน127น 2545
100 0  ทวีศักด์ วัฒนธรรมรักษศ์
245 10 นครสวรรค์ /^cทวีศักด์ วัฒนธรรมรักษศ์
260    กรุงเทพฯ :^bบริษัท ลีโอ แอนเซ็ทจำกัด,^c2545
300    199 หน้า :^bภาพประกอบสี,^c21 ซม
650  7 นครสวรรค์^xประวัติ
945    ^p0^l0^i015812
995    ทศพร
999 ^a ใช้งานได้ทุกระบบ
รายการนี้ยังไม่มีแท็ก
คุณยังไม่ได้ล็อกอิน คุณสามารถมีกิจกรรมร่วมกับเว็บไซต์ได้ แต่ต้องล็อกอินก่อน ::
  ล็อกอิน

รายการสื่อสารสนเทศ

ลำดับที่ ประเภท เลขเรียก/บาร์โค้ด สถานที่ สถานะ
- ไม่พบข้อมูล -

BibComment


ยังไม่เคยถูกคอมเมนท์

คอมเมนท์ทรัพยากรรายการนี้
  คอมเมนท์: นครสวรรค์ ทวีศัก..


 Copyright 2026. Bcnsprnw @Library